Michael célèbres - Statistiques

Statistiques générales
  • Ce quiz a été pris 660 fois
  • Le résultat moyen est 6 sur 10
Statistiques - réponses
Descriptif Réponse % Correct
Le Roi de la pop. Jackson
97%
L'un des plus célèbres voir le plus célèbre des basketteurs. Jordan
95%
Champion du monde à 7 reprises en Formule 1, record codétenu avec Lewis Hamilton. Schumacher
88%
Acteur, humoriste et rappeur français aussi connu sous le nom de Fatal Bazooka. Youn
88%
Sportif le plus titré et le plus médaillé de l'histoire des Jeux Olympiques. Phelps
78%
Chanteur gallois accompagnant à de nombreuses reprises Jean-Jacques Goldman. Jones
53%
Acteur jouant Marty McFly dans la trilogie Retour vers le futur. J. Fox
43%
Producteur de Vol au-dessus d'un nid de coucou, et obtient l'oscar du meilleur acteur pour Wall Street en 1988. Douglas
39%
Physicien et chimiste britannique du XIXème siècle connu pour ses travaux en électromagnétisme et donnant son nom à des lois, un effet, des dispositifs expérimentaux ou encore l'unité de mesure de la capacité électrique. Faraday
23%
L'un des 3 hommes de la mission Apollo 11. Collins
22%
Aucun quiz correspondant
Distribution des résultats
% des personnes avec chaque résultat
Percentile par nombre de réponses
Votre historique - résultats
Vous n’avez pas pris ce quiz